[Event "Scarborough CC-ch Reserves"]
[Site "Toronto CAN"]
[Date "2011.03.31"]
[Round "6"]
[White "Verde, Pino"]
[Black "Ugodnikov, Arkadiy"]
[Result "0-1"]
[WhiteElo "1694"]
[BlackElo "1845"]
[PlyCount "130"]
[GameId "2160767909795936"]
[EventDate "2011.02.24"]
[EventType "swiss"]
[EventRounds "9"]
[EventCountry "CAN"]
[SourceTitle "EXT 2022"]
[Source "ChessBase"]
[SourceDate "2021.10.06"]
[SourceVersion "1"]
[SourceVersionDate "2021.10.06"]
[SourceQuality "1"]

1. e4 e5 2. Nf3 Nc6 3. Bc4 Bc5 4. c3 Nf6 5. d3 d6 6. a4 a6 7. a5 Be6 8. Bxe6 fxe6 9. Qb3 Qd7 10. Ng5 Nd8 11. O-O O-O 12. Be3 Bxe3 13. fxe3 h6 14. Nf3 Rb8 15. Nbd2 Nc6 16. d4 exd4 17. exd4 b5 18. d5 exd5 19. exd5 Ne7 20. Rae1 Nexd5 21. Nd4 Kh8 22. N2f3 Rbe8 23. Nh4 Qg4 24. Ndf3 Ne3 25. Rf2 Nc4 26. Rxe8 Rxe8 27. Qc2 Ne4 28. Re2 g5 29. h3 Qe6 30. Nd4 Qd5 31. Nhf5 c5 32. Ng3 cxd4 33. Rxe4 Rxe4 34. Qxe4 Qxe4 35. Nxe4 Nxa5 36. cxd4 Nc4 37. b3 Na5 38. Nd2 Kg7 39. Kf2 Kf6 40. g4 Ke6 41. Ke3 Nc6 42. Kd3 Kd5 43. Nf3 a5 44. Kc3 a4 45. bxa4 bxa4 46. h4 gxh4 47. Nxh4 Nxd4 48. Kb4 Ke4 49. Kxa4 Kf4 50. Ng2+ Kxg4 51. Ne3+ Kf3 52. Nc4 Nf5 53. Kb3 h5 54. Kc3 h4 55. Kd3 h3 56. Nd2+ Kf4 57. Nf1 d5 58. Nh2 Kg3 59. Nf1+ Kg2 60. Ke2 h2 61. Nxh2 Kxh2 62. Kf3 Ne7 63. Kf2 Kh3 64. Kf3 Kh4 65. Kf4 Kh5 0-1

[Event "Scarborough CC-ch Reserves"]
[Site "Toronto CAN"]
[Date "2011.03.31"]
[Round "6"]
[White "Wu, Kevin"]
[Black "Wiebe, Daniel"]
[Result "1-0"]
[WhiteElo "2080"]
[BlackElo "1936"]
[PlyCount "93"]
[GameId "2160767909795937"]
[EventDate "2011.02.24"]
[EventType "swiss"]
[EventRounds "9"]
[EventCountry "CAN"]
[SourceTitle "EXT 2022"]
[Source "ChessBase"]
[SourceDate "2021.10.06"]
[SourceVersion "1"]
[SourceVersionDate "2021.10.06"]
[SourceQuality "1"]

1. e4 c5 2. Nf3 d6 3. d4 cxd4 4. Nxd4 Nf6 5. Nc3 a6 6. Bg5 e6 7. f4 Be7 8. Qf3 Qc7 9. O-O-O Nbd7 10. Bd3 b5 11. Kb1 Bb7 12. a3 Qb6 13. Nb3 b4 14. axb4 Qxb4 15. Rhe1 O-O 16. Qh3 e5 17. Bxf6 Nxf6 18. g4 a5 19. fxe5 dxe5 20. g5 Bc8 21. Qf1 Nh5 22. Nd5 Qb7 23. Qe2 g6 24. Qe3 Be6 25. Bc4 Rfc8 26. Nxe7+ Qxe7 27. Bxe6 Qxe6 28. Nc5 Qc6 29. Rd5 Nf4 30. Rd2 Qxc5 31. Rd8+ Kg7 32. Qxc5 Rxc5 33. Rxa8 Nh3 34. Rd1 Nxg5 35. Rd5 Nxe4 36. Rxc5 Nxc5 37. Rxa5 Nd7 38. Rd5 Nf6 39. Rxe5 Ng4 40. Re2 h5 41. b4 f5 42. b5 f4 43. b6 f3 44. Rd2 f2 45. Rxf2 Nxf2 46. b7 Ng4 47. b8=Q 1-0

[Event "Scarborough CC-ch Reserves"]
[Site "Toronto CAN"]
[Date "2011.03.31"]
[Round "6"]
[White "Zhang, John"]
[Black "Ward, Dean"]
[Result "0-1"]
[WhiteElo "1612"]
[BlackElo "1811"]
[PlyCount "42"]
[GameId "2160767909795938"]
[EventDate "2011.02.24"]
[EventType "swiss"]
[EventRounds "9"]
[EventCountry "CAN"]
[SourceTitle "EXT 2022"]
[Source "ChessBase"]
[SourceDate "2021.10.06"]
[SourceVersion "1"]
[SourceVersionDate "2021.10.06"]
[SourceQuality "1"]

1. e4 c5 2. Nf3 d6 3. d4 cxd4 4. Nxd4 Nf6 5. Nc3 g6 6. Be3 Bg7 7. f3 Nc6 8. Qd2 h5 9. O-O-O Nd7 10. Bb5 Nce5 11. h3 a6 12. Be2 Nb6 13. Bf4 Nec4 14. Qe1 e5 15. b3 exd4 16. bxc4 dxc3 17. c5 Nd7 18. Rxd6 Qa5 19. Bc4 Qxc5 20. Bb3 Bh6 21. Qg3 Qxd6 0-1

[Event "Scarborough CC-ch Reserves"]
[Site "Toronto CAN"]
[Date "2011.03.31"]
[Round "6"]
[White "Zotkin, Daniel"]
[Black "Rutherdale, William"]
[Result "0-1"]
[WhiteElo "1681"]
[BlackElo "1676"]
[PlyCount "60"]
[GameId "2160767909795939"]
[EventDate "2011.02.24"]
[EventType "swiss"]
[EventRounds "9"]
[EventCountry "CAN"]
[SourceTitle "EXT 2022"]
[Source "ChessBase"]
[SourceDate "2021.10.06"]
[SourceVersion "1"]
[SourceVersionDate "2021.10.06"]
[SourceQuality "1"]

1. e4 e5 2. Nf3 Nc6 3. Bc4 Bc5 4. O-O d6 5. c3 Qe7 6. d4 exd4 7. cxd4 Bb6 8. Ng5 Nh6 9. Nf3 Bg4 10. d5 Ne5 11. Be2 Bxf3 12. Bxf3 O-O-O 13. Nc3 Qh4 14. h3 g5 15. Na4 g4 16. Nxb6+ axb6 17. Bxg4+ Nhxg4 18. hxg4 Nxg4 19. Bf4 Rhg8 20. Bg3 Qe7 21. Qf3 Rde8 22. Rfe1 h5 23. Qf5+ Kb8 24. Qxh5 Qf6 25. Rab1 Rg5 26. Qh3 Rh8 27. e5 dxe5 28. Bh4 Nxf2 29. Qh2 Qf5 30. Rf1 Qf4 0-1

[Event "Scarborough CC-ch Reserves"]
[Site "Toronto CAN"]
[Date "2011.04.07"]
[Round "7"]
[White "Armstrong, Robert J"]
[Black "Huston, Scott"]
[Result "0-1"]
[WhiteElo "1715"]
[BlackElo "1782"]
[PlyCount "82"]
[GameId "2160767909795940"]
[EventDate "2011.02.24"]
[EventType "swiss"]
[EventRounds "9"]
[EventCountry "CAN"]
[SourceTitle "EXT 2022"]
[Source "ChessBase"]
[SourceDate "2021.10.06"]
[SourceVersion "1"]
[SourceVersionDate "2021.10.06"]
[SourceQuality "1"]

1. d4 Nf6 2. c4 e6 3. Nf3 b6 4. e3 Bb7 5. Bd3 c5 6. O-O Be7 7. Nc3 O-O 8. b3 d5 9. cxd5 Nxd5 10. Bb2 cxd4 11. exd4 Nc6 12. Rc1 Rc8 13. Bb1 Nxc3 14. Rxc3 Bf6 15. Qd3 g6 16. Rcc1 Nb4 17. Rxc8 Qxc8 18. Qe3 Nd5 19. Qh6 Bg7 20. Qh4 Bf6 21. Qh6 Qd8 22. Re1 Bg7 23. Qh3 Ne7 24. Ng5 h6 25. Nf3 Bxf3 26. gxf3 Bxd4 27. Bxd4 Qxd4 28. Qxh6 Qc3 29. Qe3 Qf6 30. Kh1 Rd8 31. Rg1 Nd5 32. Qe4 Nc3 33. Qe3 Nxb1 34. Rxb1 Kg7 35. Rc1 Qb2 36. Rc7 Qxa2 37. Qxe6 Rf8 38. Qe5+ Kg8 39. Qd5 Qxf2 40. Qd3 Re8 41. Rc1 Re2 0-1

[Event "Scarborough CC-ch Reserves"]
[Site "Toronto CAN"]
[Date "2011.04.07"]
[Round "7"]
[White "Bao, Stephen"]
[Black "Uddin, Mohammad"]
[Result "1-0"]
[WhiteElo "1773"]
[BlackElo "1855"]
[PlyCount "83"]
[GameId "2160767909795941"]
[EventDate "2011.02.24"]
[EventType "swiss"]
[EventRounds "9"]
[EventCountry "CAN"]
[SourceTitle "EXT 2022"]
[Source "ChessBase"]
[SourceDate "2021.10.06"]
[SourceVersion "1"]
[SourceVersionDate "2021.10.06"]
[SourceQuality "1"]

1. e4 c6 2. d4 d5 3. Nc3 dxe4 4. Nxe4 Bf5 5. Ng3 Bg6 6. h4 h6 7. Nf3 Nd7 8. h5 Bh7 9. Bd3 Bxd3 10. Qxd3 e6 11. Bd2 Ngf6 12. O-O-O Qc7 13. Rhe1 O-O-O 14. Qb3 Bd6 15. Qa4 Kb8 16. Ne4 Nxe4 17. Rxe4 Nf6 18. Rh4 Nd5 19. c4 Nf4 20. c5 Ne2+ 21. Kb1 Bf4 22. g3 Bxg3 23. fxg3 Qxg3 24. Qa3 Ka8 25. Qe3 g5 26. hxg6 Qxg6+ 27. Ka1 Ng3 28. Ne5 Nf5 29. Nxg6 Nxe3 30. Nxh8 Nxd1 31. Nxf7 Rf8 32. Rxh6 Nf2 33. Rh8 Rxh8 34. Nxh8 Kb8 35. Nf7 Ne4 36. Bf4+ Kc8 37. Nd6+ Nxd6 38. Bxd6 Kd7 39. b4 b6 40. a4 bxc5 41. dxc5 a6 42. Kb2 1-0

[Event "Scarborough CC-ch Reserves"]
[Site "Toronto CAN"]
[Date "2011.04.07"]
[Round "7"]
[White "Ferreira, Alex"]
[Black "Sherman, Joshua"]
[Result "1-0"]
[WhiteElo "2105"]
[BlackElo "1880"]
[PlyCount "75"]
[GameId "2160767909795942"]
[EventDate "2011.02.24"]
[EventType "swiss"]
[EventRounds "9"]
[EventCountry "CAN"]
[SourceTitle "EXT 2022"]
[Source "ChessBase"]
[SourceDate "2021.10.06"]
[SourceVersion "1"]
[SourceVersionDate "2021.10.06"]
[SourceQuality "1"]

1. Nf3 d5 2. g3 Nc6 3. Bg2 Bg4 4. O-O Qd7 5. Re1 Nf6 6. d3 e5 7. c4 Be7 8. cxd5 Nxd5 9. Nc3 Nf6 10. Qa4 O-O 11. Bg5 Bh3 12. Bh1 a6 13. Rac1 Qf5 14. Bxf6 Bxf6 15. Nd5 Bd8 16. Rc3 Qd7 17. Ne3 Kh8 18. Rxc6 Qxc6 19. Qxc6 bxc6 20. Nxe5 Bf6 21. N3c4 Rae8 22. Nxc6 Bf5 23. e4 Re6 24. Nb4 Rb8 25. Nd5 Bd8 26. Rc1 Bg6 27. f4 f5 28. Nde3 Rf6 29. b3 fxe4 30. dxe4 Rf8 31. Ne5 Be8 32. Bf3 g5 33. f5 h5 34. Be2 Bf6 35. Rc5 Rd8 36. N3c4 Rd4 37. Bf3 g4 38. Bg2 1-0

[Event "Scarborough CC-ch Reserves"]
[Site "Toronto CAN"]
[Date "2011.04.07"]
[Round "7"]
[White "Mesiti, Silvano"]
[Black "Morra, Lui"]
[Result "0-1"]
[WhiteElo "1626"]
[BlackElo "1831"]
[PlyCount "68"]
[GameId "2160767909795943"]
[EventDate "2011.02.24"]
[EventType "swiss"]
[EventRounds "9"]
[EventCountry "CAN"]
[SourceTitle "EXT 2022"]
[Source "ChessBase"]
[SourceDate "2021.10.06"]
[SourceVersion "1"]
[SourceVersionDate "2021.10.06"]
[SourceQuality "1"]

1. e4 c5 2. Nf3 e6 3. Nc3 d5 4. Bb5+ Nc6 5. exd5 exd5 6. O-O a6 7. Re1+ Be7 8. Bxc6+ bxc6 9. d4 Nf6 10. dxc5 O-O 11. b4 a5 12. Ba3 axb4 13. Bxb4 Bg4 14. Qd3 Qc7 15. Nd4 Rfe8 16. Re3 Rad8 17. Rae1 Rd7 18. f3 Bh5 19. Qa6 Rf8 20. Na4 Qf4 21. Nxc6 Bd8 22. Nb6 d4 23. R3e2 Bxb6 24. cxb6 Qg5 25. Qd3 Rc8 26. a3 Bg6 27. Qd2 Qb5 28. Ne7+ Kh8 29. Nxg6+ hxg6 30. Re7 Qxb6 31. Qd3 Rxe7 32. Rxe7 Nd5 33. Rxf7 Qe6 34. Qxg6 Qxg6 0-1

[Event "Scarborough CC-ch Reserves"]
[Site "Toronto CAN"]
[Date "2011.04.07"]
[Round "7"]
[White "Moran-Venegas, Mario"]
[Black "Bellissimo, Joseph"]
[Result "0-1"]
[WhiteElo "1773"]
[BlackElo "1977"]
[PlyCount "52"]
[GameId "2160767909795944"]
[EventDate "2011.02.24"]
[EventType "swiss"]
[EventRounds "9"]
[EventCountry "CAN"]
[SourceTitle "EXT 2022"]
[Source "ChessBase"]
[SourceDate "2021.10.06"]
[SourceVersion "1"]
[SourceVersionDate "2021.10.06"]
[SourceQuality "1"]

1. e4 e5 2. Nf3 Nf6 3. Nxe5 d6 4. Nf3 Nxe4 5. d4 d5 6. Bd3 Bd6 7. O-O O-O 8. c4 c6 9. Nc3 Nxc3 10. bxc3 dxc4 11. Bxh7+ Kxh7 12. Ng5+ Kg8 13. Qh5 Bf5 14. Re1 Nd7 15. Ne4 Bxe4 16. Bg5 Bg6 17. Qh4 Qa5 18. Re3 f6 19. Qh3 Qf5 20. Qxf5 Bxf5 21. Bh4 Rfe8 22. Rae1 Kf7 23. h3 g5 24. Bg3 Bxg3 25. fxg3 Rxe3 26. Rxe3 Re8 0-1

[Event "Scarborough CC-ch Reserves"]
[Site "Toronto CAN"]
[Date "2011.04.07"]
[Round "7"]
[White "Paterson, Jim"]
[Black "Zhang, John"]
[Result "1/2-1/2"]
[WhiteElo "1825"]
[BlackElo "1612"]
[PlyCount "68"]
[GameId "2160767909795945"]
[EventDate "2011.02.24"]
[EventType "swiss"]
[EventRounds "9"]
[EventCountry "CAN"]
[SourceTitle "EXT 2022"]
[Source "ChessBase"]
[SourceDate "2021.10.06"]
[SourceVersion "1"]
[SourceVersionDate "2021.10.06"]
[SourceQuality "1"]

1. d4 Nf6 2. Nf3 g6 3. g3 Bg7 4. Bg2 O-O 5. c4 d6 6. O-O c5 7. Nc3 Nbd7 8. d5 Nb6 9. Nd2 Bd7 10. e4 e5 11. b3 Nh5 12. Bf3 Bh3 13. Bg2 Qd7 14. Bb2 Bxg2 15. Kxg2 f5 16. f3 f4 17. g4 Nf6 18. Rh1 Bh6 19. h3 Kh8 20. Qe2 Rg8 21. Kf2 Bg7 22. Rag1 h5 23. Rg2 g5 24. Nf1 h4 25. Nd2 a6 26. Rgg1 Nc8 27. a4 Na7 28. Ra1 Rgb8 29. Ra2 Ne8 30. Rha1 a5 31. Ndb1 Nc7 32. Na3 Na6 33. Bc1 Nb4 34. Rb2 b6 1/2-1/2

[Event "Scarborough CC-ch Reserves"]
[Site "Toronto CAN"]
[Date "2011.04.07"]
[Round "7"]
[White "Rutherdale, William"]
[Black "Bellomo, Joe"]
[Result "1-0"]
[WhiteElo "1676"]
[BlackElo "1763"]
[PlyCount "81"]
[GameId "2160767909795946"]
[EventDate "2011.02.24"]
[EventType "swiss"]
[EventRounds "9"]
[EventCountry "CAN"]
[SourceTitle "EXT 2022"]
[Source "ChessBase"]
[SourceDate "2021.10.06"]
[SourceVersion "1"]
[SourceVersionDate "2021.10.06"]
[SourceQuality "1"]

1. d4 Nf6 2. c4 e6 3. Nc3 b6 4. Nf3 Bb7 5. Bg5 Be7 6. e3 O-O 7. Bd3 d6 8. O-O Nbd7 9. e4 h6 10. Bf4 c5 11. d5 e5 12. Bd2 Nh7 13. Qc1 Bc8 14. Ne1 Ndf6 15. f4 exf4 16. Bxf4 Ng4 17. Nf3 g5 18. Bg3 f6 19. h3 Ne5 20. Qe3 Nxd3 21. Qxd3 f5 22. e5 dxe5 23. Nxe5 Rf6 24. Rad1 f4 25. Be1 Bf5 26. Qf3 Bd6 27. Nc6 Qe8 28. Nb5 Qd7 29. Bc3 g4 30. Qf2 Rg6 31. Nxd6 Qxd6 32. Qxf4 gxh3 33. Qxd6 Rxd6 34. Rxf5 Re8 35. Be5 Rg6 36. g3 Ng5 37. d6 Ne6 38. d7 Ra8 39. Ne7+ Kh7 40. Nxg6 Kxg6 41. Rf6+ 1-0

[Event "Scarborough CC-ch Reserves"]
[Site "Toronto CAN"]
[Date "2011.04.07"]
[Round "7"]
[White "Sharpe, Sam"]
[Black "Bzikot, Robert"]
[Result "1-0"]
[WhiteElo "1909"]
[BlackElo "1995"]
[PlyCount "115"]
[GameId "2160767909795947"]
[EventDate "2011.02.24"]
[EventType "swiss"]
[EventRounds "9"]
[EventCountry "CAN"]
[SourceTitle "EXT 2022"]
[Source "ChessBase"]
[SourceDate "2021.10.06"]
[SourceVersion "1"]
[SourceVersionDate "2021.10.06"]
[SourceQuality "1"]

1. Nf3 d5 2. g3 c6 3. Bg2 Bf5 4. O-O Nd7 5. d3 e5 6. Nbd2 Bd6 7. e4 Be6 8. Re1 Ne7 9. c4 d4 10. Rb1 a5 11. b3 f6 12. a3 Nc5 13. Qc2 O-O 14. b4 axb4 15. axb4 Na4 16. c5 Bc7 17. Ra1 Nc3 18. Bb2 Na2 19. Nc4 Nxb4 20. Qb3 Na6 21. Qxb7 Nxc5 22. Rxa8 Nxb7 23. Rxd8 Rxd8 24. Nfd2 Ba5 25. Nxa5 Nxa5 26. Ba3 Kf7 27. Rc1 Rb8 28. f4 Rb5 29. fxe5 fxe5 30. Nf3 h6 31. Bd6 Ng6 32. h4 Bg4 33. Bc7 Bxf3 34. Bxf3 Ne7 35. Ra1 Nb7 36. Rf1 Ke8 37. Bg4 Nd8 38. Bxd8 Kxd8 39. Rf8+ Kc7 40. Rf7 Kd6 41. Rxg7 Rb2 42. Kf1 c5 43. Rf7 c4 44. dxc4 d3 45. c5+ Kxc5 46. Rxe7 Kd4 47. Bd1 Ke3 48. Rf7 Kxe4 49. Ke1 Kd4 50. Rf2 Rb4 51. Ra2 e4 52. Ra4 Rxa4 53. Bxa4 Ke3 54. Bd1 d2+ 55. Kf1 Kd3 56. Kf2 e3+ 57. Kf3 h5 58. Be2+ 1-0

[Event "Scarborough CC-ch Reserves"]
[Site "Toronto CAN"]
[Date "2011.04.07"]
[Round "7"]
[White "Stavropoulos, Greg"]
[Black "Gaffney, Kevin"]
[Result "0-1"]
[WhiteElo "1917"]
[BlackElo "1642"]
[PlyCount "49"]
[GameId "2160767909795948"]
[EventDate "2011.02.24"]
[EventType "swiss"]
[EventRounds "9"]
[EventCountry "CAN"]
[SourceTitle "EXT 2022"]
[Source "ChessBase"]
[SourceDate "2021.10.06"]
[SourceVersion "1"]
[SourceVersionDate "2021.10.06"]
[SourceQuality "1"]

1. Nf3 d5 2. c4 e6 3. g3 c5 4. Bg2 Nc6 5. O-O Nf6 6. d3 Be7 7. Nbd2 O-O 8. b3 Qc7 9. Bb2 b6 10. Re1 Bb7 11. cxd5 exd5 12. Rc1 d4 13. a3 Rad8 14. Nh4 Rfe8 15. Nf5 Bf8 16. h3 Qd7 17. Nh4 Bd6 18. Nhf3 Nd5 19. Nc4 Bxg3 20. fxg3 b5 21. Qd2 bxc4 22. Rxc4 Ne3 23. Ra4 Qd6 24. Kf2 Qh6 25. Kg1 0-1

[Event "Scarborough CC-ch Reserves"]
[Site "Toronto CAN"]
[Date "2011.04.07"]
[Round "7"]
[White "Triefeldt, Jack"]
[Black "Ugodnikov, Arkadiy"]
[Result "0-1"]
[WhiteElo "1812"]
[BlackElo "1854"]
[PlyCount "90"]
[GameId "2160767909795949"]
[EventDate "2011.02.24"]
[EventType "swiss"]
[EventRounds "9"]
[EventCountry "CAN"]
[SourceTitle "EXT 2022"]
[Source "ChessBase"]
[SourceDate "2021.10.06"]
[SourceVersion "1"]
[SourceVersionDate "2021.10.06"]
[SourceQuality "1"]

1. Nf3 Nf6 2. d4 g6 3. b3 Bg7 4. Bb2 O-O 5. e3 b6 6. c4 Bb7 7. Nc3 d5 8. Be2 dxc4 9. bxc4 Ne4 10. Nxe4 Bxe4 11. O-O Nd7 12. Nd2 Bb7 13. Bf3 Bxf3 14. Nxf3 c5 15. Qe2 cxd4 16. exd4 Rc8 17. Rac1 Re8 18. Ne5 Nxe5 19. dxe5 e6 20. Rfd1 Qc7 21. f4 Qc5+ 22. Qf2 Qxf2+ 23. Kxf2 Red8 24. Rd4 Bf8 25. Rxd8 Rxd8 26. Ke2 Bc5 27. a4 a5 28. h3 Kf8 29. g4 Ke7 30. g5 Rd7 31. h4 Kd8 32. Bc3 Kc7 33. Bb2 Kc6 34. Bc3 Bb4 35. Rc2 Bxc3 36. Rxc3 Rd4 37. Ke3 Kc5 38. Rd3 Rxc4 39. Rd7 Rxa4 40. Rxf7 Ra3+ 41. Ke2 Kd4 42. Rxh7 Ke4 43. h5 gxh5 44. Rxh5 Kxf4 45. g6 Rg3 0-1

[Event "Scarborough CC-ch Reserves"]
[Site "Toronto CAN"]
[Date "2011.04.07"]
[Round "7"]
[White "Verde, Pino"]
[Black "Zotkin, Daniel"]
[Result "0-1"]
[WhiteElo "1694"]
[BlackElo "1671"]
[PlyCount "128"]
[GameId "2160767909795950"]
[EventDate "2011.02.24"]
[EventType "swiss"]
[EventRounds "9"]
[EventCountry "CAN"]
[SourceTitle "EXT 2022"]
[Source "ChessBase"]
[SourceDate "2021.10.06"]
[SourceVersion "1"]
[SourceVersionDate "2021.10.06"]
[SourceQuality "1"]

1. Nf3 c5 2. c3 Nc6 3. d3 Nf6 4. e4 d6 5. Be2 g6 6. h3 Bg7 7. Be3 O-O 8. Qd2 Bd7 9. Na3 a6 10. Nc2 b5 11. Bh6 Qc7 12. Bxg7 Kxg7 13. Ne3 Qc8 14. Nh2 h5 15. g4 Rh8 16. g5 Ne8 17. Nd5 Rb8 18. f4 e6 19. Ne3 Nc7 20. d4 cxd4 21. cxd4 d5 22. Rc1 Qb7 23. exd5 Nxd5 24. Nxd5 exd5 25. Nf3 Rhe8 26. Rc5 Be6 27. Kf2 Red8 28. Rhc1 Rbc8 29. b4 Bxh3 30. Qc3 Bd7 31. Ne5 Nxe5 32. dxe5 Be6 33. Qd4 Kh7 34. Bd3 Qd7 35. Rh1 Bf5 36. e6 Qxe6 37. Re1 Qd7 38. Re5 Rxc5 39. Bxf5 Rc4 40. Qxc4 dxc4 41. Bxd7 Rxd7 42. a4 bxa4 43. Rc5 a3 44. Rxc4 a2 45. Rc1 Rd4 46. Ra1 Rxb4 47. Rxa2 Rxf4+ 48. Kg3 Rf5 49. Rxa6 Rxg5+ 50. Kh4 Rg4+ 51. Kh3 f5 52. Ra7+ Kh6 53. Rf7 Kg5 54. Rf8 h4 55. Rf7 Rg3+ 56. Kh2 Kg4 57. Rg7 g5 58. Rg8 Ra3 59. Rg7 Ra2+ 60. Kg1 h3 61. Kh1 f4 62. Kg1 f3 63. Kh1 Kh4 64. Kg1 g4 0-1

[Event "Scarborough CC-ch Reserves"]
[Site "Toronto CAN"]
[Date "2011.04.07"]
[Round "7"]
[White "Wiebe, Daniel"]
[Black "Radpey, Abdolreza"]
[Result "1-0"]
[WhiteElo "1979"]
[BlackElo "1646"]
[PlyCount "95"]
[GameId "2160767909795951"]
[EventDate "2011.02.24"]
[EventType "swiss"]
[EventRounds "9"]
[EventCountry "CAN"]
[SourceTitle "EXT 2022"]
[Source "ChessBase"]
[SourceDate "2021.10.06"]
[SourceVersion "1"]
[SourceVersionDate "2021.10.06"]
[SourceQuality "1"]

1. e4 c5 2. Nf3 d6 3. d4 cxd4 4. Nxd4 Nf6 5. Nc3 a6 6. Bg5 h6 7. Bxf6 gxf6 8. Qh5 b5 9. a4 Qb6 10. Nf5 e6 11. axb5 exf5 12. Bc4 Qb7 13. O-O Bg7 14. Bd5 Qa7 15. b6 Qe7 16. exf5 O-O 17. Bxa8 Bb7 18. Bxb7 Qxb7 19. Rfd1 Qxb6 20. b3 Rc8 21. Nd5 Qa7 22. c3 Nc6 23. Qg4 Ne5 24. Qa4 Ra8 25. Qh4 Nd7 26. Re1 Qc5 27. c4 a5 28. Re7 Qc6 29. Rxd7 Qxd7 30. Nb6 Qb7 31. Nxa8 Qxa8 32. Qd4 Bf8 33. Qd5 Qe8 34. g3 Qe5 35. Rxa5 Qc3 36. Ra7 Qe1+ 37. Kg2 Qe8 38. b4 h5 39. h4 Be7 40. Qe4 Kf8 41. Kh2 Bd8 42. Qxe8+ Kxe8 43. b5 Bb6 44. Ra6 Bc5 45. f3 Kd8 46. Rc6 Kd7 47. Rxc5 dxc5 48. g4 1-0

[Event "Scarborough CC-ch Reserves"]
[Site "Toronto CAN"]
[Date "2011.04.07"]
[Round "7"]
[White "Xie, Peter"]
[Black "Philip, Andrew"]
[Result "1/2-1/2"]
[WhiteElo "1681"]
[BlackElo "1640"]
[PlyCount "69"]
[GameId "2160767909795952"]
[EventDate "2011.02.24"]
[EventType "swiss"]
[EventRounds "9"]
[EventCountry "CAN"]
[SourceTitle "EXT 2022"]
[Source "ChessBase"]
[SourceDate "2021.10.06"]
[SourceVersion "1"]
[SourceVersionDate "2021.10.06"]
[SourceQuality "1"]

1. e4 d5 2. exd5 Qxd5 3. Nc3 Qd6 4. d4 Nf6 5. h3 c6 6. Nf3 Bf5 7. Bd3 Bxd3 8. Qxd3 Nbd7 9. O-O e6 10. Re1 Be7 11. Bg5 O-O 12. Rad1 Rad8 13. g3 Qc7 14. Qe2 Rfe8 15. Ne4 Nxe4 16. Qxe4 Bxg5 17. Nxg5 Nf6 18. Qe2 Qa5 19. h4 h6 20. Nf3 c5 21. dxc5 Qxc5 22. Ne5 Qc7 23. Nd3 Nd5 24. c3 Qc4 25. Nb4 Qxe2 26. Rxe2 Nxb4 27. Rxd8 Rxd8 28. cxb4 Rd4 29. a3 b5 30. Rc2 Rd6 31. Kg2 Kf8 32. Rc8+ Ke7 33. Rc7+ Rd7 34. Rc5 Rd5 35. Rc7+ 1/2-1/2

[Event "Scarborough CC-ch Reserves"]
[Site "Toronto CAN"]
[Date "2011.04.14"]
[Round "8"]
[White "Al Ganabi, Haqi"]
[Black "Song, Lin"]
[Result "1/2-1/2"]
[WhiteElo "1985"]
[BlackElo "1796"]
[PlyCount "82"]
[GameId "2160767909795953"]
[EventDate "2011.02.24"]
[EventType "swiss"]
[EventRounds "9"]
[EventCountry "CAN"]
[SourceTitle "EXT 2022"]
[Source "ChessBase"]
[SourceDate "2021.10.06"]
[SourceVersion "1"]
[SourceVersionDate "2021.10.06"]
[SourceQuality "1"]

1. c4 c5 2. Nf3 Nc6 3. e4 Nf6 4. Nc3 d6 5. d4 Bg4 6. dxc5 dxc5 7. Qxd8+ Rxd8 8. Be2 Bxf3 9. Bxf3 Nd4 10. Bd1 e5 11. O-O Be7 12. Ba4+ Nd7 13. f4 Bd6 14. Nd5 exf4 15. e5 Bxe5 16. Re1 f6 17. Nxf4 O-O 18. Nd5 Nb6 19. Nxb6 axb6 20. Bd1 b5 21. cxb5 Nxb5 22. a4 Nc7 23. Bf3 b6 24. Rb1 Rfe8 25. Be3 Nd5 26. Bf2 Nb4 27. Be2 Rd2 28. Bc4+ Kf8 29. a5 Nc2 30. Rxe5 fxe5 31. axb6 Nd4 32. Be3 Re2 33. Bxe2 Nxe2+ 34. Kf2 Nd4 35. b4 cxb4 36. Bxd4 exd4 37. Rxb4 d3 38. Rf4+ Kg8 39. Rd4 Rb8 40. Rxd3 Kf7 41. Ke3 Ke7 1/2-1/2

[Event "Scarborough CC-ch Reserves"]
[Site "Toronto CAN"]
[Date "2011.04.14"]
[Round "8"]
[White "Bellissimo, Joseph"]
[Black "Wiebe, Daniel"]
[Result "1/2-1/2"]
[WhiteElo "1977"]
[BlackElo "1936"]
[PlyCount "85"]
[GameId "2160767909795954"]
[EventDate "2011.02.24"]
[EventType "swiss"]
[EventRounds "9"]
[EventCountry "CAN"]
[SourceTitle "EXT 2022"]
[Source "ChessBase"]
[SourceDate "2021.10.06"]
[SourceVersion "1"]
[SourceVersionDate "2021.10.06"]
[SourceQuality "1"]

1. e4 c5 2. Nf3 d6 3. d4 cxd4 4. Nxd4 Nf6 5. Nc3 a6 6. Bc4 e6 7. Bb3 Nbd7 8. f4 Nc5 9. Qf3 Qc7 10. O-O b5 11. a3 Nxb3 12. cxb3 Be7 13. Be3 Bb7 14. Rac1 Qd7 15. b4 O-O 16. f5 Rac8 17. fxe6 fxe6 18. Qh3 Nxe4 19. Rxf8+ Rxf8 20. Nxe4 Bxe4 21. Qxe6+ Qxe6 22. Nxe6 Rf5 23. Rc7 Bf6 24. Bd4 Bd3 25. g3 Rf1+ 26. Kg2 Bxd4 27. Nxd4 Rb1 28. b3 Ra1 29. Rd7 d5 30. Kf2 Be4 31. Ra7 Ra2+ 32. Ke1 Rxa3 33. Nxb5 Rxb3 34. Rxa6 Rxb4 35. Ra8+ Kf7 36. Nd6+ Kg6 37. Nxe4 dxe4 38. Kf2 Rb2+ 39. Ke3 Rxh2 40. Kxe4 Rf2 41. Ra5 h5 42. Rb5 Kf6 43. Rxh5 1/2-1/2

[Event "Scarborough CC-ch Reserves"]
[Site "Toronto CAN"]
[Date "2011.04.14"]
[Round "8"]
[White "Bellomo, Joe"]
[Black "Verde, Pino"]
[Result "0-1"]
[WhiteElo "1763"]
[BlackElo "1694"]
[PlyCount "130"]
[GameId "2160767909795955"]
[EventDate "2011.02.24"]
[EventType "swiss"]
[EventRounds "9"]
[EventCountry "CAN"]
[SourceTitle "EXT 2022"]
[Source "ChessBase"]
[SourceDate "2021.10.06"]
[SourceVersion "1"]
[SourceVersionDate "2021.10.06"]
[SourceQuality "1"]

1. e4 c5 2. Nf3 d6 3. d4 cxd4 4. Nxd4 Nf6 5. Nc3 a6 6. Be2 e5 7. Nb3 Be7 8. O-O b5 9. a3 Bb7 10. f3 Qb6+ 11. Kh1 Nbd7 12. Bg5 h6 13. Bd2 h5 14. Qe1 h4 15. f4 h3 16. g3 Nxe4 17. Nxe4 Bxe4+ 18. Bf3 Bxf3+ 19. Rxf3 Qc6 20. Qd1 e4 21. Rc3 Qb7 22. Be3 Nf6 23. Na5 Qd5 24. Qe2 Qh5 25. Qxh5 Rxh5 26. Nc6 Nd5 27. Rb3 Rc8 28. Nd4 Bf6 29. Rd1 Nxe3 30. Rxe3 d5 31. c3 g5 32. Ne2 Rd8 33. Rg1 g4 34. Rd1 Rd7 35. Kg1 Bd8 36. Kf1 f5 37. Nd4 Bb6 38. Re2 Bxd4 39. Rxd4 Rh6 40. Red2 Rhd6 41. Ke2 Ke7 42. Ke3 Ke6 43. a4 Rc6 44. axb5 axb5 45. Rb4 Rc5 46. Rb3 Ra7 47. Rb4 Ra1 48. Rb3 Rg1 49. Ra3 Kd6 50. Ra8 Re1+ 51. Re2 d4+ 52. cxd4 Rxe2+ 53. Kxe2 Rc2+ 54. Ke3 Rxh2 55. Ra6+ Kd5 56. Rf6 Rxb2 57. Rxf5+ Kd6 58. Kxe4 h2 59. Rh5 b4 60. Rh6+ Ke7 61. d5 b3 62. d6+ Kd7 63. f5 Rf2 64. f6 b2 65. Rh7+ Kxd6 0-1